• 首页
  • 本馆介绍
  • 公告通知
  • 最新文献
  • 馆藏检索
  • 电子资源
  • 读者导购
  • 参考咨询
  • 我的图书馆
  • 登录
  • 详细信息显示
  • 放入我的书架
  • 预约/预借图书
  • 作者相关作品
  • 分类相关作品
  • 丛书相关作品
  • 出版社相关作品

书目信息

  • 表格格式
  • 工作单格式
  • 卡片格式
题名:
现代养兔疫病防治手册
    
 
作者: 王守有 , 陈宗刚 主编
分册:  
出版信息: 北京   科学技术文献出版社  2012
页数: 292页
开本: 21cm
丛书名:
单 册:
中图分类: S858.291
科图分类:
主题词: 兔病--防治
电子资源:
ISBN: 978-7-5023-7025-1
000 00818nam0 2200241 450
001 012015000393
005 20150914164107.53
010    @a978-7-5023-7025-1@dCNY19.00
100    @a20120317d2012 em y0chiy50 ea
101 0  @achi
102    @aCN@b110000
105    @ay z 000yy
106    @ar
200 1  @a现代养兔疫病防治手册@Axian dai yang tu yi bing fang zhi shou ce@f王守有, 陈宗刚主编
210    @a北京@c科学技术文献出版社@d2012
215    @a292页@d21cm
330    @a本书主要内容分五章,包括:兔疫病发生的特点、原因和传播途径,兔场疫病的综合防控,兔疫病的诊断,兔疫病的用药,兔场常见疫病的防治等。
606 0  @a兔病@x防治
690    @aS858.291@v5
701  0 @a王守有@Awang shou you@4主编
701  0 @a陈宗刚@Achen zong gang@4主编
801  0 @aCN@b碧洲教育@c20150716
905    @a10447@f4@dS858.291@e120
    
    现代养兔疫病防治手册/王守有, 陈宗刚主编.-北京:科学技术文献出版社,2012
    292页;21cm
    
    
    ISBN 978-7-5023-7025-1:CNY19.00
    本书主要内容分五章,包括:兔疫病发生的特点、原因和传播途径,兔场疫病的综合防控,兔疫病的诊断,兔疫病的用药,兔场常见疫病的防治等。
●
相关链接 在E读中查询图书 在五车中查询图书 在当当中查询图书 在豆瓣中查询图书


正题名:现代养兔疫病防治手册     索取号:S858.291/120         预约/预借

序号 登录号 条形码 馆藏地/架位号 状态 备注
1 0849475   208494752   第二样本阅览室/ [索取号:S858.291/120] 在馆    
2 0849476   208494761   密集书库-生命科学系/ [索取号:S858.291/120] 在馆    
3 0849477   208494770   第三借阅区/ [索取号:S858.291/120] 在馆    
4 0849478   208494789   第三借阅区/ [索取号:S858.291/120] 在馆    
唐山师范学院图书馆 欢迎您!
大连网信软件有限公司© 版权所有